Radiation and water in the climate system : remote measurements
Αποθηκεύτηκε σε:
| Συγγραφή απο Οργανισμό/Αρχή: | |
|---|---|
| Άλλοι συγγραφείς: | |
| Μορφή: | Πρακτικό Συνεδρίου Βιβλίο |
| Γλώσσα: | English |
| Δημοσίευση: |
Berlin :
Springer-Verlag,
1996
|
| Σειρά: | NATO ASI series. Global environmental change ;
; Series I |
| Θέματα: | |
| Ετικέτες: |
Προσθήκη ετικέτας
Δεν υπάρχουν, Καταχωρήστε ετικέτα πρώτοι!
|
MARC
| LEADER | 00000nam a2200000 i 4500 | ||
|---|---|---|---|
| 001 | 1/17189 | ||
| 008 | 980828s1996 eng d | ||
| 020 | |a 3-540-61470-2 | ||
| 035 | |l 10020465 | ||
| 040 | |a GR-MY-UA |b gre |e aacr | ||
| 041 | 0 | |a eng | |
| 082 | 0 | |a 551.57028 | |
| 111 | 2 | |a NATO Advanced Science Institute "Remote Sensing of Processes Governing Energy and Water Cycles in the Climatic System |d (1995 |c : Plon, Germany) | |
| 245 | 1 | 0 | |a Radiation and water in the climate system : |b remote measurements / |c edited by Ehrhard Raschke |
| 260 | |a Berlin : |b Springer-Verlag, |c 1996 | ||
| 300 | |a 614 p. | ||
| 490 | 1 | |a Global environmental change |v ; 45 | |
| 500 | |a Proceedings of the NATO Advanced Science Institute "Remote Sensing of Processes Governing Energy and Water Cycles in the Climate System", held in Plon, Germany, May 1-12 1995 | ||
| 650 | 0 | 0 | |a Dynamic meteorology |x Remote sensing |x Congresses. |
| 650 | 0 | 0 | |a Atmospheric physics |x Remote sensing |x Congresses. |
| 650 | 0 | 0 | |a Cloud physics |x Remote sensing |x Congresses. |
| 650 | 0 | 0 | |a Atmospheric radiation |x Remote sensing |x Congresses. |
| 650 | 0 | 0 | |a Hydrologic cycle |x Remote sensing |x Congresses. |
| 700 | 1 | |a Raschke, Ehrhard. |4 edt | |
| 830 | 0 | |a NATO ASI series. Global environmental change ; |v ; Series I | |
| 852 | |a INST |b LESVOS |e 19980828 |h 551.57028 RAD |p 005100016979 |q 005100016979 |t BK |y 0 | ||
| 909 | |a Λ |b 058936 | ||
| 922 | |a 1ΕΛΗ |b 199808 |c ΚΠΣ/ΤΠ |d ΠΑΠΑΣΩΤΗΡΙΟΥ | ||
| 950 | |a 107-1998-05-27 | ||